Southville International School and Colleges
Your cart is empty.
  • Cart
  • Lists
    Public lists Eva Luna New books Lux_list list_1
    Your lists Log in to create your own lists
  • Log in to your account
  • Your cookies
  • Search history
Southville International School and Colleges
  • Advanced search
  • Recent comments
  • Most popular
  • Libraries

Log in to your account

Log in with GOOGLE


If you do not have an external account, but do have a local account, you can still log in:

  1. Home
  2. MARC view: Buy ology :
Normal view MARC view ISBD view

Buy ology : (Record no. 6704)

[ view plain ]
MARC details
000 -LEADER
fixed length control field 02906cam a2200421 a 4500
001 - CONTROL NUMBER
control field 15177068
003 - CONTROL NUMBER IDENTIFIER
control field OSt
005 - DATE AND TIME OF LATEST TRANSACTION
control field 20140310181915.0
008 - FIXED-LENGTH DATA ELEMENTS--GENERAL INFORMATION
fixed length control field 080211s2008 nyu b 001 0 eng
010 ## - LIBRARY OF CONGRESS CONTROL NUMBER
LC control number 2008006057
020 ## - INTERNATIONAL STANDARD BOOK NUMBER
International Standard Book Number 9780385523882 (hc)
020 ## - INTERNATIONAL STANDARD BOOK NUMBER
International Standard Book Number 0385523882 (hc)
035 ## - SYSTEM CONTROL NUMBER
System control number (OCoLC)192048160
Canceled/invalid control number (OCoLC)185032525
040 ## - CATALOGING SOURCE
Original cataloging agency DLC
Transcribing agency DLC
Modifying agency DLC
050 00 - LIBRARY OF CONGRESS CALL NUMBER
Classification number HF 5415.12615
Item number .L56 2008
082 00 - DEWEY DECIMAL CLASSIFICATION NUMBER
Classification number TR 658.8
Item number L64 2008
100 1# - MAIN ENTRY--PERSONAL NAME
Personal name Lindström, Martin,
Dates associated with a name 1970-
9 (RLIN) 650
245 10 - TITLE STATEMENT
Title Buy ology :
Remainder of title truth and lies about why we buy /
Statement of responsibility, etc Martin Lindstrom.
246 3# - VARYING FORM OF TITLE
Title proper/short title Buy ology
250 ## - EDITION STATEMENT
Edition statement 1st ed.
260 ## - PUBLICATION, DISTRIBUTION, ETC. (IMPRINT)
Place of publication, distribution, etc New York :
Name of publisher, distributor, etc Doubleday,
Date of publication, distribution, etc c2008.
300 ## - PHYSICAL DESCRIPTION
Extent xi, 240 p. ;
Dimensions 22 cm.
504 ## - BIBLIOGRAPHY, ETC. NOTE
Bibliography, etc Includes bibliographical references (p. 217-229) and index.
505 0# - FORMATTED CONTENTS NOTE
Formatted contents note A rush of blood to the head : the largest neuromarketing study ever conducted -- This must be the place : product placement, American Idol, and Ford's multimillion dollar mistake -- I'll have what she's having : mirror neurons at work -- I can't see clearly now : subliminal messaging, alive and well -- Do you believe in magic? : ritual, superstition, and why we buy -- I say a little prayer : faith, religion, and brands -- Why did I choose you? : the power of somatic markers -- A sense of wonder : selling to our senses -- And the answer is : neuromarketing and predicting the future -- Let's spend the night together : sex in advertising -- Conclusion : brand new day.
520 ## - SUMMARY, ETC.
Summary, etc How much do we know about why we buy? What truly influences our decisions in today's message-cluttered world? An eye-grabbing advertisement, a catchy slogan, an infectious jingle? Or do our buying decisions take place below the surface, so deep within our subconscious minds that we're barely aware of them? Marketing guru Lindstrom presents the startling findings from his three-year, seven-million-dollar neuromarketing study, a cutting-edge experiment that peered inside the brains of 2,000 volunteers from all around the world as they encountered various ads, logos, commercials, brands, and products. His startling results shatter much of what we have long believed about what seduces our interest and drives us to buy.--From publisher description.
521 ## - TARGET AUDIENCE NOTE
Target audience note
526 ## - STUDY PROGRAM INFORMATION NOTE
Reading level 1110L to 1700L
541 ## - IMMEDIATE SOURCE OF ACQUISITION NOTE
-- 1
562 ## - COPY AND VERSION IDENTIFICATION NOTE
Number of copies for circulation. One copy available in the collection.
650 #0 - SUBJECT ADDED ENTRY--TOPICAL TERM
Topical term or geographic name as entry element Neuromarketing.
9 (RLIN) 651
650 #0 - SUBJECT ADDED ENTRY--TOPICAL TERM
Topical term or geographic name as entry element Consumer behavior
General subdivision Psychological aspects.
9 (RLIN) 652
650 #0 - SUBJECT ADDED ENTRY--TOPICAL TERM
Topical term or geographic name as entry element Shopping
General subdivision Psychological aspects.
9 (RLIN) 653
650 #0 - SUBJECT ADDED ENTRY--TOPICAL TERM
Topical term or geographic name as entry element Marketing
General subdivision Psychological aspects.
9 (RLIN) 654
856 41 - ELECTRONIC LOCATION AND ACCESS
Materials specified Table of contents only
Uniform Resource Identifier <a href="http://www.loc.gov/catdir/toc/ecip0810/2008006057.html">http://www.loc.gov/catdir/toc/ecip0810/2008006057.html</a>
906 ## - LOCAL DATA ELEMENT F, LDF (RLIN)
a 7
b cbc
c orignew
d 1
e ecip
f 20
g y-gencatlg
942 ## - ADDED ENTRY ELEMENTS (KOHA)
Source of classification or shelving scheme Library of Congress Classification
Koha item type
Call number prefix
Holdings
Withdrawn status Lost status Source of classification or shelving scheme Damaged status Home library Current library Shelving location Date acquired Total Checkouts Total Renewals Full call number Barcode Date last seen Date checked out Copy number Price effective from Koha item type
    Library of Congress Classification   Luxembourg Library Luxembourg Library Teachers Reference Section 07/16/2013 2 2 HF 5415.12615 .L56 2008 18457 03/15/2019 03/04/2019 1 07/16/2013 Books

Buy ology :

APA

Lindström M., . (2008). Buy ology. New York: Doubleday.

Chicago

Lindström Martin, . 2008. Buy ology. New York: Doubleday.

Harvard

Lindström M., . (2008). Buy ology. New York: Doubleday.

MLA

Lindström Martin, . Buy ology. New York: Doubleday. 2008.

  • Place hold
  • Print
  • Cite
  • Add to your cart (remove)
  • Save record
    BIBTEX Dublin Core MARCXML MARC (non-Unicode/MARC-8) MARC (Unicode/UTF-8) MARC (Unicode/UTF-8, Standard) MODS (XML) RIS
  • More searches
    Search for this title in:
    Other Libraries (WorldCat) Other Databases (Google Scholar) Online Stores (Bookfinder.com) Open Library (openlibrary.org)

Exporting to Dublin Core...

SOUTHVILLE LIBRARY

Southville International School and Colleges Library

1281 Tropical Ave. Cor. Luxembourg St., BF Homes International, Las Pinas City

Tel. No. 8256374 / 252358 Loc. 117/146

Powered by Koha